000 00495nam a2200181Ia 4500
008 240729s9999 xx 000 0 und d
022 _a2633-8386
245 0 _aReproduction and Fertility
260 _aUnited Kingdom
260 _bBioscientifica
650 _a Biology (General)
650 _a Gynecology and obstetrics
650 _a Reproduction | Medicine
650 _aScience
856 _uhttps://doaj.org/toc/8bb8ed65cfa2497a8d9e094edc0c37c7
942 _2ddc
942 _cDOAJEJ
999 _c65662
_d65662
945 _a1
_bMadushi Gamage
_c1
_dMadushi Gamage